00342 a2200109 4500001001000000005001700010008004100027245004200068100003400110773007100144999001700215ART_4636520260410161953.0260409a 10aElementos de la relación de consumo1 aAlvarez Larrondo, Federico M.0 tTemas de derecho comercialg- Año 4, N° 5 (mayo 2018)wREV28151 c30592d30592